书目信息 |
| 题名: |
教师招聘考试
|
|
| 作者: | ;粉笔教师 编著 | |
| 分册: | 中学试讲 | |
| 出版信息: | 北京 新华出版社 2017 |
|
| 页数: | 241页 | |
| 开本: | 26cm | |
| 丛书名: | ||
| 单 册: | ||
| 中图分类: | G451.1 , G633.303-44 | |
| 科图分类: | ||
| 主题词: | 教师--招聘--考核--自学参考资料 , 中学语文课--中学教师--招聘--考核--题解 | |
| 电子资源: | ||
| ISBN: | 978-7-5166-3183-6 | |
| 000 | 00933nam0 2200265 450 | |
| 001 | 373 | |
| 005 | 20180520211626.50 | |
| 010 | @a978-7-5166-3183-6@dCNY49.50 | |
| 100 | @a20170905d2017 em y0chiy50 ea | |
| 101 | 0 | @achi |
| 102 | @aCN@b110000 | |
| 105 | @ay zq 000yy | |
| 200 | 1 | @a教师招聘考试@9jiao shi zhao pin kao shi@e语文真题解析@i中学试讲@f粉笔教师编著 |
| 210 | @a北京@c新华出版社@d2017 | |
| 215 | @a241页@d26cm | |
| 330 | @a本书收录了教师招聘考试中学语文说课的真题和解析,分为初中语文和高中语文两部分,内容包括阅读课、综合性学习课、口语交际课、写作课等。 | |
| 517 | 1 | @a语文真题解析@Ayu wen zhen ti jie xi |
| 517 | 1 | @a中学试讲@Azhong xue shi jiang |
| 606 | 0 | @a教师@x招聘@x考核@j自学参考资料 |
| 606 | 0 | @a中学语文课@x中学教师@x招聘@x考核@j题解 |
| 690 | @aG451.1@v5 | |
| 690 | @aG633.303-44@v5 | |
| 711 | 02 | @a粉笔教师@9fen bi jiao shi@4编著 |
| 801 | 0 | @aCN@b91MARC@c20170905 |
| 905 | @aMuseLib@dG451.1@e200 | |
| 教师招聘考试:语文真题解析.中学试讲/粉笔教师编著.-北京:新华出版社,2017 |
| 241页;26cm |
| ISBN 978-7-5166-3183-6:CNY49.50 |
| 本书收录了教师招聘考试中学语文说课的真题和解析,分为初中语文和高中语文两部分,内容包括阅读课、综合性学习课、口语交际课、写作课等。 |
| ● |
| 相关链接 |
|
|
|
|
正题名:教师招聘考试
索取号:G451.1/200
 
预约/预借
| 序号 | 登录号 | 条形码 | 馆藏地/架位号 | 状态 | 备注 |
| 1 | 1102170 | 211021703 | 第一样本阅览室/ [索取号:G451.1/200] | 在馆 | |
| 2 | 1102171 | 211021712 | 教育系资料室/ [索取号:G451.1/200] | 在馆 | |
| 3 | 1102172 | 211021721 | 教育系资料室/ [索取号:G451.1/200] | 在馆 | |
| 4 | 1102173 | 211021730 | 教育系资料室/ [索取号:G451.1/200] | 在馆 | |
| 5 | 1102174 | 211021749 | 第四借阅区/ [索取号:G451.1/200] | 在馆 | |
| 6 | 1102175 | 211021758 | 第四借阅区/ [索取号:G451.1/200] | 在馆 |